Basic Electronics and Linear Circuits (Record no. 10699)

MARC details
000 -LEADER
fixed length control field 00448nam a22001937a 4500
003 - CONTROL NUMBER IDENTIFIER
control field OSt
008 - FIXED-LENGTH DATA ELEMENTS--GENERAL INFORMATION
fixed length control field 210707b ||||| |||| 00| 0 eng d
020 ## - INTERNATIONAL STANDARD BOOK NUMBER
International Standard Book Number 9781259006463
082 ## - DEWEY DECIMAL CLASSIFICATION NUMBER
Classification number 621.3 BHB
100 ## - MAIN ENTRY--PERSONAL NAME
Personal name BHARGAVA,NN
245 ## - TITLE STATEMENT
Title Basic Electronics and Linear Circuits
250 ## - EDITION STATEMENT
Edition statement 2nd
260 ## - PUBLICATION, DISTRIBUTION, ETC. (IMPRINT)
Place of publication, distribution, etc New Delhi
Name of publisher, distributor, etc TMH
Date of publication, distribution, etc 2019
300 ## - PHYSICAL DESCRIPTION
Extent 482
650 ## - SUBJECT ADDED ENTRY--TOPICAL TERM
Topical term or geographic name as entry element Applied Sc.
700 ## - ADDED ENTRY--PERSONAL NAME
Personal name KULSHRESHTHA,DC
700 ## - ADDED ENTRY--PERSONAL NAME
Personal name GUPTA,SC
942 ## - ADDED ENTRY ELEMENTS (KOHA)
Source of classification or shelving scheme Dewey Decimal Classification
Koha item type Text Books
Holdings
Withdrawn status Lost status Source of classification or shelving scheme Damaged status Not for loan Collection code Home library Current library Date acquired Source of acquisition Currency Cost, normal purchase price Bill Number Total Checkouts Full call number Acc. no. / Barcode Date last seen Actual Cost, discounted price Bill Date Koha item type
    Dewey Decimal Classification     Applied Sc. PIET C-LIBRARY PIET C-LIBRARY 09/06/2021 Kirti Praskshan IN Rupees 589.00 IN2118   621.3 BHB 32934 07/07/2021 406.41 09/06/2021 Text Books

Design & Developed by: PIET Central Library
R70 Miles Stone Pattikalyana Samalkha Panipat 132102
mail ID :- [email protected], Phone No:- 0180-2569700 Ex.216